Statistics for Skillet - Legendary (All Lyrics)

Click here to take the quiz!

General Stats

  • This quiz has been taken 22 times
  • The average score is 252 of 330

Answer Stats

% Correct
An
100%
I
100%
Legendary
100%
Are
91%
In
91%
The
91%
To
91%
Where
91%
Animal
82%
Be
82%
Day
82%
Do
82%
Down
82%
Every
82%
Fight
82%
Fly
82%
Give
82%
Go
82%
Gonna
82%
History
82%
I’ll
82%
I’m
82%
Is
82%
Live
82%
Me
82%
My
82%
Name
82%
Never
82%
No
82%
One
82%
Say
82%
Stop
82%
Top
82%
Will
82%
Adrenaline
73%
Ain’t
73%
And
73%
Destiny
73%
Fall
73%
Fire
73%
High
73%
Legends
73%
Made
73%
Or
73%
People
73%
Time
73%
Up
73%
Bleeds
64%
Born
64%
Breathe
64%
But
64%
Calling
64%
Conquering
64%
Die
64%
Get
64%
Gun
64%
Heart
64%
Incredible
64%
Keep
64%
Life
64%
Now
64%
Rise
64%
Run
64%
Some
64%
Standing
64%
Strong
64%
Takes
64%
That
64%
Turn
64%
Under
64%
Wanna
64%
Wings
64%
All
55%
Fears
55%
For
55%
Got
55%
Gotta
55%
It
55%
I’ve
55%
Pain
55%
Push
55%
Pushing
55%
Still
55%
That’s
55%
Through
55%
‘Til
55%
What
55%
Whatever
55%
Alive
45%
Breaking
45%
Faith
45%
Falling
45%
Giving
45%
Plead
45%
Prize
45%
When
45%
While
45%

Score Distribution

Percentile by Number Answered

Percent of People with Each Score

Your Score History

You have not taken this quiz